Libro rojo de los mamíferos de Colombia (Registro nro. 5451)

Detalles MARC
000 -CABECERA
Campo de control 00948nam a2200289 a 4500
005 - FECHA Y HORA DE LA ULTIMA TRANSACCION
Campo de control 20200104041559.0
008 - ELEMENTOS DE LONGITUD FIJA—INFORMACION GENERAL
Campo de control 140731b2006 ck ||||| |||| 00| 0 spa d
020 ## - ISBN
ISBN 9789589769072
041 ## - IDIOMA
Código de idioma para texto/pista de sonido o título separado Español
082 04 - NUMERO DE CLASIFICACION DECIMAL DEWEY
Número de clasificación 599
Número del ítem R69l
090 ## - CLASIFICACIÓN LOCAL
Colección LB
Consecutivo 04743
100 1# - ASIENTO PRINCIPAL--NOMBRE PERSONAL
Nombre personal Rodriguez-Mahecha, José Vicente
245 10 - MENCION DE TITULO
Título Libro rojo de los mamíferos de Colombia
260 ## - PUBLICACION, DISTRIBUCION, ETC. (PIE DE IMPRENTA)
Lugar de publicación, distribución, etc. Bogotá
Nombre del editor, distribuidor, etc. Conservación Internacional
-- Instituto Alexander von Humboldt
Fecha de publicación, distribución, etc. 2006
300 ## - DESCRIPCION FISICA
Extensión 430 p.
Dimensiones 22 cm.
650 ## - ASIENTO SECUNDARIO DE MATERIA - TERMINO TEMATICO
Término temático o nombre geográfico como elemento de entrada Mamíferos
Subdivisión general clasificación
650 #4 - ASIENTO SECUNDARIO DE MATERIA - TERMINO TEMATICO
Término temático o nombre geográfico como elemento de entrada Especies en peligro
650 ## - ASIENTO SECUNDARIO DE MATERIA - TERMINO TEMATICO
Término temático o nombre geográfico como elemento de entrada Mamíferos
Subdivisión general hábitos y conducta
650 ## - ASIENTO SECUNDARIO DE MATERIA - TERMINO TEMATICO
Término temático o nombre geográfico como elemento de entrada Mamíferos
Subdivisión general distribución geográfica
662 ## - ASIENTO SECUNDARIO DE MATERIA - JERARQUIA DEL NOMBRE DE LUGAR(
País o entidad mayor Colombia
700 1# - ASIENTO SECUNDARIO - NOMBRE PERSONAL
Nombre personal Alberico, Michael
700 1# - ASIENTO SECUNDARIO - NOMBRE PERSONAL
Nombre personal Trujillo, Fernando
700 1# - ASIENTO SECUNDARIO - NOMBRE PERSONAL
Nombre personal Jorgenson, Jeff
700 1# - ASIENTO SECUNDARIO - NOMBRE PERSONAL
Nombre personal Landazábal-Mendoza, César
700 ## - ASIENTO SECUNDARIO - NOMBRE PERSONAL
Nombre personal Nash, Stephen D.
942 ## - ELEMENTOS ADICIONALES (KOHA)
Tipo de ítem Libro
Sistema de clasificación Dewey Decimal Classification
Koha issues (borrowed), all copies 26
Existencias
Withdrawn status Lost status Sistema de Clasificación Damaged status No para préstamo Colección Inventariado Ubicación Permanente Ubicación actual Fecha de adquisición Fuente de Valor Valor Total Checkouts Número topográfico Inventario / Código de Barras Date last seen Date checked out Ejemplar Price effective from Forma de adquisición Tipo de material Total Renewals
    Dewey Decimal Classification     Humboldt Inventariado 2017 Bogotá Bogotá 31/01/2007 Instituto 50000.00 17 IAVH-599 R69l 023950 30/09/2019 23/04/2019 Ej.1 04/12/2012 Institucional Libro  
    Dewey Decimal Classification     Humboldt Inventariado 2017 Sala Fabio Quevedo Sala Fabio Quevedo 17/03/2007 Instituto 50000.00 20 IAVH-599 R69l 023978 05/02/2019 07/03/2017 Ej. 2 04/12/2012   Libro 1